| 000 | 00356nam a22001457a 4500 | ||
|---|---|---|---|
| 020 | _a978-1-305-65631-4 | ||
| 082 | _a004 | ||
| 100 | _aMorley, Deborah | ||
| 245 |
_aUnderstanding Computers: _bToday and Tomorrow |
||
| 250 | _a16th | ||
| 260 |
_aBoston: _bCengage, _c2024 |
||
| 300 | _axxi, 567p.: ill.; 28cm | ||
| 700 | _aParker, Charles S. | ||
| 942 | _cBK | ||
| 999 |
_c22185 _d22185 |
||